Risk Management of Sociocultural Process: Digital Revolution

Špecifiká a hlavné trendy riadenia rizík vo vzťahu k sociokultúrnemu procesu, možnosti aplikácie tejto metodiky riadenia a prevencie sociokultúrnych rizík. Na základe sociokultúrnych a interdisciplinárnych prístupov, techník riadenia rizík, krízových koncepcií a sociálno-technického prostredia digit...

Full description

Saved in:
Bibliographic Details
Main Author: Mayakova, Anna
Format: Book Chapter
Language:English
Subjects:
Tags: Add Tag
No Tags, Be the first to tag this record!

MARC

LEADER 00000naa a2200000 4500
001 0274021
005 20210528081118.4
041 0 |a eng 
044 |a UA 
245 1 0 |a Risk Management of Sociocultural Process: Digital Revolution  |c Anna Mayakova 
520 |a Špecifiká a hlavné trendy riadenia rizík vo vzťahu k sociokultúrnemu procesu, možnosti aplikácie tejto metodiky riadenia a prevencie sociokultúrnych rizík. Na základe sociokultúrnych a interdisciplinárnych prístupov, techník riadenia rizík, krízových koncepcií a sociálno-technického prostredia digitálnej reality vo vzťahu k sociokultúrnemu procesu vytvorený integrovaný model riadenia rizík. 
610 2 0 |a riadenie rizík 
610 2 0 |a digitalizácia 
610 2 0 |a procesy sociálne 
610 2 0 |a kultúra 
610 2 0 |a riziko 
100 1 |a Mayakova, Anna